[Event "68th HUN-ch Men 2018"]
[Site "Budapest"]
[Date "2018.12.03"]
[Round "1.1"]
[White "Berkes, Ferenc"]
[Black "Medvegy, Zoltan"]
[Result "0-1"]
[WhiteElo "2662"]
[BlackElo "2536"]
[Annotator "TA"]
[PlyCount "216"]
[EventDate "2018.??.??"]
[EventCountry "HUN"]
[SourceTitle "playchess.com"]
[Source "ChessBase"]
[SourceQuality "1"]

{[%evp 24,216,22,20,33,25,32,0,0,0,0,0,0,0,8,-7,0,-7,14,0,12,0,0,0,0,-13,-18,-12,-14,-31,-11,-33,0,0,0,0,0,-69,-26,-26,-26,-51,-58,-132,-127,-139,-138,-133,-127,-200,-206,-172,-119,-121,-121,-158,-132,-156,0,-100,-100,-125,-122,-220,-213,-272,-285,-316,-314,-283,-269,-289,0,-250,-249,-239,-230,-429,0,-288,0,-427,-364,-413,-162,-163,0,-399,-320,-394,-299,-313,-301,-396,-335,-342,-328,-399,-334,-308,-325,-334,-334,-334,0,0,0,-322,-314,-288,-266,-425,-398,-447,-394,-426,-439,-395,-329,-440,-328,-325,0,-322,-316,-512,-507,-447,-453,-1337,-1330,-1360,-1208,-1381,-1379,-1057,-1278,-1360,-1336,-1332,0,-1139,-778,-768,-652,-1272,-1210,-819,-530,-1200,-1112,-1209,0,-1137,0,-610,-584,-1124,-1070,-1175,-1136,-1483,-1464,-1519,-1362,-1362,-1263,-1787,-1228,-1030,-1136,-1139,-810,-1110,-1106,-285,-1352,-1070,-1064,-1352,-1344,-1337,-1257,-852,-831,-29993,-29988,-29991,-29992,-29993,-29991,-29997,-29998,-29998,-29999]} 1. d4 Nf6 2. c4 e6 3. Nc3 d5 4. cxd5 exd5 5. Bg5 Be7 6. e3 c6 7. Bd3 Nbd7 8. Nge2 h6 9. Bh4 {D35: Queen's Gambit Declined: Exchange Variation} Nh5 10. Bxe7 Qxe7 11. O-O (11. Qd2 Nb6 12. f3 Bd7 13. O-O O-O 14. g4 Nf6 15. Ng3 Ne8 16. Rae1 {1-0 (43) Mamedyarov,S (2766)-Adams,M (2751) Sharjah 2017}) 11... O-O 12. Qd2 Nb6 13. Rae1 {LiveBook: 3 Games} Bd7 14. f3 Qg5 $146 ({Predecessor:} 14... f5 15. Nf4 Nxf4 16. exf4 Qb4 {1-0 (30) David,A (2414)-Musat,A (2397) Baile Govora 2017}) 15. Nf4 Nxf4 16. exf4 Qf6 17. Re5 Qd6 18. Rfe1 Rfe8 19. b3 f6 20. R5e2 Rxe2 21. Rxe2 Re8 22. h4 Qb4 23. Rxe8+ Bxe8 24. Bc2 Kf8 25. Kf2 Nc8 26. Qe3 Ne7 27. g4 Qd6 28. h5 b6 29. Bd3 c5 30. a4 (30. Bb5 $11) 30... Nc6 31. dxc5 bxc5 {aiming for ...d4.} 32. Nb5 Qe7 33. Bg6 ({Better is} 33. Qd2 $15) 33... Qxe3+ $1 $17 34. Kxe3 {[%mdl 4096] Endgame KBN-KBN} Bd7 $1 35. Kd2 Ke7 $1 36. Bc2 (36. Kc1 $17 {was necessary.}) 36... Nb4 $19 37. Nc3 Bc6 ({Black should play} 37... Nxc2 $19 38. Kxc2 Ke6) 38. Bh7 Kd6 39. Bg8 Bd7 40. Bf7 Bc6 (40... f5 $142 41. g5 a6) 41. Bg8 $1 $17 a6 42. Bf7 Bd7 43. Bg8 (43. Bg6 $17 {was forced.}) 43... f5 $19 44. g5 Be8 $1 45. g6 Bc6 46. Ne2 Bd7 47. Nc3 Bc6 48. Ne2 Ke7 49. Ng3 Kf6 50. Ne2 $2 (50. Nf1) 50... Ke7 51. Ng3 $1 Kf6 (51... Bd7 $142 $1 52. Bf7 d4) 52. Ne2 a5 53. Bf7 Na6 $2 (53... d4 54. Ng1 Nd5 55. Bxd5 Bxd5) 54. Nc1 Nb4 $2 (54... d4 $1 55. Bc4 Nb4) 55. Ne2 $1 Bb7 56. Bg8 Ke7 57. Ng3 {[#]} Bc8 $1 58. Ne2 Ba6 59. Ng3 Kf6 60. Bf7 Bc8 61. Ne2 Be6 62. Bxe6 Kxe6 {KN-KN} 63. Kc3 Na2+ 64. Kb2 $1 {[%cal Rb2a2]} Nb4 65. Kc3 Nc6 66. Kd3 Nd8 67. Ng3 {[#]} (67. Kc2 $142) 67... Kf6 $1 68. Ne2 Ne6 69. Kc3 Ke7 70. Kd3 Kd6 71. Kc3 Kc6 72. Kd3 Kd6 73. Kc3 $1 d4+ 74. Kc4 $2 (74. Kb2 {might work better.} Kd5 75. Kc2) 74... Kc6 75. Kd3 Kd5 76. Kd2 (76. Kc2 $142 c4 77. bxc4+ Kxc4 78. Ng3 Nxf4 79. Nxf5 Nxh5 80. Kd2) 76... c4 77. bxc4+ Kxc4 78. Ng3 Nxf4 79. Nxf5 Nxh5 80. Nd6+ Kb4 81. Nb5 Kc4 82. Nd6+ Kc5 83. Nf5 Kd5 84. Ne7+ Kd6 85. Nf5+ Kc5 86. Kc2 Kc4 87. Nd6+ Kc5 88. Nf5 $1 Kc4 $2 (88... Kb4 $19 89. Kd3 Kxa4) 89. Kd2 $2 {[%mdl 8192]} (89. Nd6+ $11 Kb4 90. Nf5) 89... Kb4 90. Nxd4 Nf4 91. Nf5 Nxg6 92. Nxg7 Kxa4 93. Ne6 Kb4 94. f4 Ne7 95. Ng7 Kb3 96. f5 Kb2 97. f6 Ng6 98. Nf5 a4 {[%cal Ba5a4,Ba4a3][%mdl 32]} 99. Ne3 Ne5 100. Nd1+ Kb3 101. Kc1 a3 {Strongly threatening ...a2.} 102. Kb1 h5 {[%cal Bh6h5,Bh5h4,Bh4h3][%mdl 32]} 103. Ne3 h4 104. Ng4 h3 {Black mates.} 105. Nh2 Nc4 106. Nf3 {[#]} h2 $1 {[%mdl 512]} 107. Nxh2 a2+ 108. Ka1 Ne3 {Accuracy: White = 36%, Black = 59%.} 0-1

[Event "68th HUN-ch Men 2018"]
[Site "Budapest"]
[Date "2018.12.03"]
[Round "1.1"]
[White "Banusz, Tamas"]
[Black "Kozak, Adam"]
[Result "1-0"]
[WhiteElo "2612"]
[BlackElo "2419"]
[Annotator "TA"]
[PlyCount "38"]
[EventDate "2018.??.??"]
[EventCountry "HUN"]
[SourceTitle "playchess.com"]
[Source "ChessBase"]
[SourceQuality "1"]

{[%evp 28,38,15,22,20,29,23,22,22,35,20,5,147]} 1. d4 Nf6 2. Nf3 e6 {[%cal Be7e6,Be6e5][%mdl 32]} 3. g3 c5 4. Bg2 cxd4 5. O-O d5 6. Nxd4 e5 7. Nf3 Nc6 8. c4 d4 9. e3 Be7 10. exd4 exd4 11. Bf4 O-O 12. Ne5 Qb6 13. Re1 {E01: Catalan: Early deviations} Be6 14. Nd2 Rac8 (14... Rad8 15. Qb3 Qa6 16. Ndf3 d3 17. Rad1 Ng4 18. Rxd3 Rxd3 19. Qxd3 Rd8 20. Qb3 Ncxe5 21. Nxe5 {½-½ (38) Bok,B (2611)-Moiseenko,A (2674) Germany 2018}) 15. Qb3 {LiveBook: 8 Games} Bb4 16. Nd3 {[#]} Bf5 $146 {[#] White must now prevent ...Bxd2.} ({Predecessor:} 16... Ba5 17. Red1 Bg4 18. Nf3 h6 {½-½ (52) Goryachkina,A (2466)-Koneru,H (2557) Doha 2016}) 17. c5 Bxc5 18. Nxc5 Qxc5 19. Qxb7 {Strongly threatening Rac1.} Na5 (19... Nd5 $11) 1-0

[Event "68th HUN-ch Men 2018"]
[Site "Budapest"]
[Date "2018.12.03"]
[Round "1.1"]
[White "Papp, Gabor"]
[Black "Galyas, Miklos"]
[Result "1/2-1/2"]
[WhiteElo "2603"]
[BlackElo "2497"]
[Annotator "TA"]
[PlyCount "92"]
[EventDate "2018.??.??"]
[EventCountry "HUN"]
[SourceTitle "playchess.com"]
[Source "ChessBase"]
[SourceQuality "1"]

{[%evp 20,92,30,28,12,-8,-12,-15,-6,-7,0,-14,-12,-9,-10,-11,-10,-10,-10,-10,-11,-8,-8,-8,-4,-12,0,0,0,0,0,0,0,0,0,0,27,11,45,42,57,58,65,65,68,59,56,53,58,0,0,0,0,0,0,0,0,0,0,0,0,0,0,0,0,0,7,0,11,11,11,11,11,11,11]} 1. e4 e6 2. d4 d5 3. Nd2 c5 4. exd5 exd5 5. Ngf3 Nc6 6. Bb5 cxd4 7. O-O Bd6 8. Nb3 Nge7 9. h3 O-O 10. Nbxd4 Bc7 {C09: French Tarrasch: 3...c5 4 exd5 exd5 5 Ngf3 Nc6} (10... Re8 11. c3 a6 12. Bd3 Nxd4 13. Nxd4 Nc6 14. Nf3 Bc7 15. Bg5 Qd6 16. Bh4 Qh6 17. Bc2 Be6 18. Bg3 Bxg3 19. fxg3 {1-0 (59) Caruana,F (2709)-Short,N (2680) Reggio Emilia 2010}) 11. Bg5 {LiveBook: 3 Games} f6 12. Bh4 Nxd4 13. Nxd4 Be5 {[#] Hoping for ...Qb6.} 14. c3 {[#]} Qb6 $146 ({Predecessor:} 14... Bxd4 15. cxd4 Nf5 16. Bg3 Qb6 17. Ba4 Qxb2 18. Bh2 Kh8 19. Re1 Qxd4 20. Qxd4 Nxd4 21. Rad1 b5 {½-½ (22) Schroeder,J (2514)-Huebner,R (2574) Luxemburg 2016}) 15. a4 Bxd4 16. Qxd4 Qxd4 17. cxd4 Nf5 18. Bg3 $1 a6 19. Bd3 Nxd4 20. Rfd1 Nc6 21. b4 Be6 22. b5 Na5 23. bxa6 bxa6 24. Rab1 $36 {[%mdl 2048] White has the initiative.} Nc4 25. Re1 Rfe8 26. Rb7 a5 27. Reb1 Ne5 28. Bb5 Red8 29. Re1 d4 $1 {[%cal Bd5d4,Bd4d3][%mdl 32]} 30. Bxe5 fxe5 31. Rxe5 Bf7 {[#] And now ...d3 would win.} 32. Ree7 Bg6 $1 33. Rxg7+ Kh8 $1 34. Rgd7 (34. Be2 $1 $14) 34... d3 $11 {The position is equal.} 35. g4 {Black must now prevent Kf1.} d2 36. Be2 Bc2 37. f4 (37. h4 {looks sharper.} h6 38. Rbc7 d1=Q+ 39. Bxd1 Bxd1 40. Rh7+) 37... Rxd7 38. Rxd7 Bxa4 39. Rxd2 {[%mdl 4096] Endgame KRB-KRB} Bb3 $1 40. Bf3 Rf8 41. Rd4 a4 {...a3 is the strong threat.} 42. Rb4 Rc8 {Threatening ...Rc3.} 43. f5 a3 {Threatens to win with ...a2.} 44. Rxb3 a2 45. Ra3 Rc1+ 46. Kg2 a1=Q {Accuracy: White = 86%, Black = 77%.} 1/2-1/2

[Event "68th HUN-ch Men 2018"]
[Site "Budapest"]
[Date "2018.12.03"]
[Round "1.1"]
[White "Acs, Peter"]
[Black "Gonda, Laszlo"]
[Result "1/2-1/2"]
[WhiteElo "2595"]
[BlackElo "2522"]
[Annotator "TA"]
[PlyCount "98"]
[EventDate "2018.??.??"]
[EventCountry "HUN"]
[SourceTitle "playchess.com"]
[Source "ChessBase"]
[SourceQuality "1"]

{[%evp 14,98,12,0,34,4,42,-13,11,9,12,20,34,9,28,22,20,27,31,6,15,10,56,45,60,53,46,46,54,57,70,29,27,20,32,27,30,31,27,21,40,0,0,-15,-30,-37,-19,-38,-38,-80,-26,-83,-27,-39,20,-50,-48,-44,-52,-52,-25,-61,0,0,0,0,0,0,0,0,0,0,0,0,0,0,0,0,0,0,0,0,0,0,0,0,0]} 1. e4 c5 2. Nf3 Nc6 3. Bb5 e6 4. O-O Nge7 5. Re1 a6 6. Bf1 d5 7. d3 {[%cal Bd2d3,Bd3d4][%mdl 32]} b6 {B30: Sicilian: 2...Nc6 3 Bb5, lines without ...g6} (7... d4 8. e5 Nd5 9. c4 dxc3 10. bxc3 Be7 11. c4 Nb6 12. Nc3 O-O 13. Ne4 Nd7 14. Bf4 b6 15. g3 {1-0 (52) Grischuk,A (2772)-Bocharov,D (2583) Riadh 2017}) 8. Nbd2 {LiveBook: 3 Games} Bb7 9. a3 g6 $146 ({Predecessor:} 9... Ng6 10. h4 d4 11. g3 Be7 12. h5 Nge5 13. Nh2 g5 14. Ndf3 Rg8 15. Nxe5 Nxe5 {1-0 (35) Weidemann,J (2334)-Behm,S (2210) Wuerttemberg 2008}) 10. e5 ({Better is} 10. d4 $14) 10... Bg7 11. c3 Qc7 {[%cal Rc6e5]} 12. d4 a5 13. h4 h6 14. Bb5 Ba6 15. Bxa6 Rxa6 16. a4 cxd4 17. cxd4 Nb4 {[#] And now ...Nc2 would win.} 18. Re3 $1 O-O 19. Rc3 Qd7 20. Nf1 Rc8 21. Bd2 Raa8 22. Qb3 (22. h5 $5) 22... b5 23. Rxc8+ Rxc8 24. Bxb4 axb4 25. a5 Nc6 26. Qd3 Ra8 $1 27. Qxb5 Nxe5 28. Qxb4 Nxf3+ 29. gxf3 Qa7 30. Ra4 Qa6 {[%mdl 1024] Black has compensation.} 31. b3 Bf8 (31... Bf6 $17) 32. Qc3 {[#]} (32. Qd2 $11) 32... Rc8 (32... h5 $1 $17) 33. Qe3 Rc2 (33... h5 $1 $15) 34. Ra1 (34. h5 $11) 34... h5 $15 35. Ng3 Be7 36. Qf4 Kg7 37. Kg2 Rc3 (37... Bd8 $15) 38. Qe5+ $11 {The position is equal.} Bf6 39. Qe2 Qxe2 40. Nxe2 Rxb3 {[%mdl 4096] Endgame KRB-KRN} 41. a6 {Black must now prevent a7.} Rb8 42. Kg3 Kf8 43. f4 Ke7 44. Ra4 Kd7 45. Nc1 Kc6 {Strongly threatening ...Kb5.} 46. Nd3 Ra8 ({Avoid the trap} 46... Rb3 $2 47. a7 $18) 47. a7 Kb5 48. Rb4+ Kc6 49. Ra4 Kb5 {Accuracy: White = 51%, Black = 47%.} 1/2-1/2

[Event "68th HUN-ch Men 2018"]
[Site "Budapest"]
[Date "2018.12.03"]
[Round "1.1"]
[White "Balog, Imre"]
[Black "Horvath, Jozsef"]
[Result "1-0"]
[WhiteElo "2558"]
[BlackElo "2490"]
[Annotator "TA"]
[PlyCount "127"]
[EventDate "2018.??.??"]
[EventCountry "HUN"]
[SourceTitle "playchess.com"]
[Source "ChessBase"]
[SourceQuality "1"]

{[%evp 15,127,17,25,0,0,0,0,0,0,-6,0,-83,0,-8,14,0,0,-2,-9,-34,0,-21,-24,-29,-25,-37,-29,-58,-40,-71,-72,-77,-81,-97,-89,-83,-35,-33,0,-67,-28,-34,-40,-66,-60,-63,-63,-86,-14,-8,-16,-16,-33,-115,-116,-103,-106,-108,-26,-137,-147,-134,0,0,0,0,0,-8,-14,-14,0,-202,-198,-257,-271,-505,-458,-898,-895,-883,-863,-845,-772,-772,-772,-772,-741,-641,0,-692,0,-589,-554,-977,-188,-5095,-5095,-4627,-4133,-785,29976,29977,29978,29979,29978,29980,29979,29980,29978,29979,29979,29980,29981,29982]} 1. d4 d5 2. Nf3 Nf6 3. c4 e6 4. Nc3 c5 5. cxd5 Nxd5 6. e3 cxd4 7. exd4 Be7 8. Bd3 b6 {LiveBook: 19 Games. D41: Queen's Gambit Declined: Semi-Tarrasch with 5 cxd5} (8... O-O 9. O-O Nc6 10. Re1 Nf6 11. a3 a6 12. Bc2 b5 13. Qd3 g6 14. Bh6 Re8 15. Rad1 Bb7 16. h4 Rc8 17. Bb1 Na5 18. Ne5 Nc4 19. Qe2 Qb6 20. Ba2 Nxe5 21. Qxe5 {½-½ (71) Adhiban,B (2643)-Ponomariov,R (2711) Linares 2015}) 9. Qa4+ Bd7 10. Qb3 Bc6 {The position is equal.} 11. O-O Nxc3 12. bxc3 Nd7 $146 ({Predecessor:} 12... Bxf3 13. gxf3 Nd7 14. Bf4 O-O 15. Be4 Rc8 16. Rad1 {0-1 (40) Tsuboi,E (2365)-Bosque Ortega,X (2258) Sao Paulo 2003}) 13. Qc2 (13. Qd1 $11) 13... Bd6 (13... Bxf3 $1 $17 14. gxf3 Bd6) 14. Ng5 h6 15. Ne4 Be7 16. f4 O-O $1 17. Ng3 Bd6 18. Bd2 Nf6 19. Rae1 Re8 20. Qd1 Rc8 21. Qe2 Bf8 22. Rc1 g6 23. Rfe1 Bg7 24. Kh1 h5 25. h3 h4 26. Nf1 $1 Qd7 27. Kg1 (27. Qf2 $11) 27... Nh5 28. Qf2 b5 29. Rb1 a5 30. a3 Rb8 31. Re5 Bxe5 ({Better is} 31... Rec8 $17) 32. fxe5 $11 {[#]} b4 $1 33. axb4 axb4 34. c4 (34. cxb4 $15 Red8 35. Be3) 34... Red8 $17 35. Be3 Ra8 36. Qxh4 Ra3 ({Black should play} 36... Ra2 $1 $17 {[%cal Ra2g2]} 37. Be4 Rb8) 37. Be4 (37. Rd1 $1 $11 {keeps the balance.}) 37... Bxe4 38. Qxe4 Qc7 (38... Rb8 $17 39. d5 exd5 40. cxd5 Qf5 41. Qxf5 gxf5) 39. Rxb4 Ra1 40. Qf3 $1 {aiming for g4.} Rb8 $36 {[%mdl 2048] Black has the initiative.} 41. Rxb8+ Qxb8 42. g4 Ng7 43. c5 $2 {[#]} (43. Kg2 $11 {and White stays safe.}) 43... Ne8 $1 $19 {[%mdl 1024] Black has strong compensation.} 44. Kg2 (44. d5 $142 exd5 45. Bd4) 44... Nc7 45. Ng3 $2 (45. Nd2 Nd5 46. Bh6) 45... Nd5 46. Ne4 (46. Bf2 $142 Qb2 47. Kh2) 46... Ra3 47. Nf6+ Nxf6 48. exf6 {[%mdl 4096] Endgame KQR-KQB} Qb2+ 49. Kg3 Qc3 50. Kf2 Ra2+ 51. Kg3 Ra3 52. Kf2 $1 {If White can now play Qf4 this consolidates a bit.} Ra2+ 53. Kg3 e5 54. dxe5 Qe1+ $2 (54... Ra3 55. Kf4 {[#]} g5+ $1 {[%mdl 512]} 56. Kf5 Qxe3 57. Qxe3 Rxe3) 55. Kf4 $2 (55. Bf2 Qxe5+ 56. Kg2) 55... Ra4+ 56. Kg5 Ra3 57. e6 Rxe3 $4 {[%mdl 8192]} (57... fxe6 $19 58. Kxg6 Qxe3) 58. exf7+ {White mates.} (58. Qa8+ {is a self mate.} Kh7 59. Qg8+ Kxg8 60. exf7+ Kxf7 61. Kf4 Kxf6 62. g5+ Kf7 63. Kg4 Qg3#) 58... Kxf7 59. Qb7+ Ke6 60. Qc6+ Ke5 61. f7 Qc1 62. Qd6+ Ke4 63. Qf4+ Kd3 64. f8=Q {Accuracy: White = 35%, Black = 57%.} 1-0

[Event "68th HUN-ch Men 2018"]
[Site "Budapest"]
[Date "2018.12.03"]
[Round "1.1"]
[White "Antal, Gergely"]
[Black "Almasi, Zoltan"]
[Result "1/2-1/2"]
[WhiteElo "2553"]
[BlackElo "2689"]
[Annotator "TA"]
[PlyCount "129"]
[EventDate "2018.??.??"]
[EventCountry "HUN"]
[SourceTitle "playchess.com"]
[Source "ChessBase"]
[SourceQuality "1"]

{[%evp 15,129,22,23,28,28,28,24,24,30,21,21,21,30,25,24,19,21,31,42,21,21,21,21,21,21,17,26,31,50,50,42,20,23,13,19,15,29,30,28,25,23,22,33,19,39,33,31,46,69,77,79,79,77,69,79,78,71,31,27,30,26,27,28,29,27,32,83,91,86,91,81,21,26,0,89,94,93,94,94,89,88,94,86,60,60,60,71,71,71,71,71,71,71,71,71,71,71,71,71,71,71,71,71,71,71,71,71,71,71,71,71,71,71,52,52,8]} 1. e4 e5 2. Nf3 Nc6 3. Bc4 Nf6 4. d3 Bc5 5. c3 O-O 6. O-O d5 7. exd5 Nxd5 8. a4 {C54: Giuoco Piano: 4 c3 Nf6, main lines with 5 d4 and 5 d3} Bf5 {LiveBook: 12 Games} 9. Nbd2 Nb6 10. Bb5 {White has an edge.} Bxd3 11. Re1 $1 {[#] Strongly threatening Nb3.} e4 $1 {[%mdl 512]} 12. Nxe4 Bxe4 13. Qxd8 {[#]} Raxd8 $146 ({Predecessor:} 13... Rfxd8 14. Rxe4 Rd1+ 15. Re1 Rxe1+ 16. Nxe1 {½-½ (55) Vachier Lagrave,M (2779)-Nakamura,H (2777) Saint Louis 2018}) 14. Rxe4 Rd1+ 15. Re1 Rxe1+ 16. Nxe1 Ne5 17. Nd3 Nxd3 18. Bxd3 Rd8 19. Be2 a5 20. Bf4 Bd6 21. Bg5 f6 22. Be3 Kf8 23. g3 (23. Bxb6 $5 cxb6 24. Rd1 $14) 23... Nd5 24. Bd2 Nb6 25. Be1 g5 26. b3 Be5 27. Kf1 Ke7 28. Rc1 Nd7 29. Rd1 Nc5 30. Rxd8 Kxd8 $14 {[%mdl 4096] Endgame KBB-KBN} 31. Bd1 Ne4 32. Bc2 Nxc3 33. Bxh7 Ke7 34. Bf5 c6 35. Kg2 b5 36. Kf3 bxa4 37. bxa4 Nxa4 38. Bxa5 c5 39. Bd2 Nb2 40. Be3 c4 (40... Bd6 $14) 41. Ke4 $16 Nd1 42. Bc5+ Bd6 43. Bd4 (43. Bb6 $16) 43... Be5 $1 $11 44. Bc5+ (44. Ba7 $11) 44... Bd6 $16 {[#]} 45. Bb6 $1 Bb4 46. Kd5 Be1 47. Bc5+ Kf7 48. f3 Nb2 49. Bd4 Nd3 50. Be4 Ne5 51. Bxe5 fxe5 52. Kxe5 {KB-KB} c3 53. Kf5 Bd2 54. Bc2 Kg7 55. Kg4 Kf6 56. h4 gxh4 57. Kxh4 Be1 58. f4 Bf2 59. Kg4 Bc5 60. Kf3 Bd6 61. g4 {[%cal Bg3g4,Bg4g5][%mdl 32]} Bc7 62. g5+ Kg7 63. Ke4 Bd6 64. f5 {[%cal Bf4f5,Bf5f6][%mdl 32]} Be7 65. f6+ {Accuracy: White = 71%, Black = 72%.} 1/2-1/2

[Event "68th HUN-ch Men 2018"]
[Site "Budapest"]
[Date "2018.12.03"]
[Round "1.1"]
[White "Mihok, Oliver"]
[Black "Aczel, Gergely"]
[Result "0-1"]
[WhiteElo "2541"]
[BlackElo "2549"]
[Annotator "TA"]
[PlyCount "60"]
[EventDate "2018.??.??"]
[EventCountry "HUN"]
[SourceTitle "playchess.com"]
[Source "ChessBase"]
[SourceQuality "1"]

{[%evp 25,60,5,0,-5,27,28,15,-39,-26,-70,-39,-38,-40,-121,35,-312,-107,-965,-965,-965,-958,-958,-947,-958,-909,-1026,-993,-1422,-1397,-5501,-5493,-5493,-5493,-5457,-5410,-5485,-5485]} 1. e4 c5 2. Nf3 d6 3. d4 cxd4 4. Nxd4 Nf6 5. Nc3 a6 6. Qf3 g6 7. h3 Bg7 8. Be3 {[%cal Bc1e3,Be3d4,Bd4c3][%mdl 32]} O-O 9. O-O-O {B70: Sicilian Dragon: 6 g3 and 6 Be2 (without a later Be3)} Bd7 10. g4 Nc6 11. Qg2 Rc8 12. f4 Nxd4 13. Bxd4 Qa5 {LiveBook: 5 Games} 14. Qg1 {Hoping for Bb6.} Rxc3 {[%mdl 64] Remove Defender} (14... Rc6 $5 {[%cal Re7e5]} 15. g5 Nh5 $11) (14... Rc6 15. g5 Nh5 16. Bxg7 Kxg7 {½-½ (85) Filippov,A (2589)-Saric,I (2678) Bol 2014}) 15. Bxc3 Qxa2 16. Bg2 $146 (16. Bd3 $1 $11) ({Predecessor:} 16. Bd3 Rc8 {½-½ (32) Tuncer,T (2263)-Kevlishvili,R (2409) Prague 2016}) 16... Rc8 $15 {Strongly threatening ...Rxc3!} 17. Qe3 Ba4 {Threatens to win with ...Nxg4!} (17... e5 $5 {[%cal Re5f4]} 18. Kd2 (18. Rxd6 exf4 19. Qxf4 Nxg4 $17) (18. fxe5 $2 Rxc3 19. bxc3 Ba4 $19) 18... d5 19. exd5 Nxd5 20. Bxd5 Qxd5+ 21. Qd3 Qxd3+ 22. cxd3 exf4 $15) 18. e5 dxe5 19. fxe5 (19. Qxe5 $15 Ne8 20. Bd5 Bxe5 21. Bxa2 Bxc3 22. bxc3) 19... Nd7 $2 (19... Qa1+ $17 20. Kd2 Rd8+ 21. Bd4 Qxb2 {[%mdl 64] Double Attack}) 20. Rd5 $2 {[%mdl 8192] [#]} ({Don't blunder} 20. Bd5 $2 Rxc3 $1 {[%mdl 512]} 21. Bxa2 Rxe3 $19) (20. Rd4 $1 $14 {was the only good move.} Bxe5 21. Bd5 Bxd4 22. Qxd4) 20... Nb6 $2 $40 {[%mdl 128] Black wants a kill.} (20... Bh6 $1 $19 {[%mdl 512] and Black stays clearly on top.} 21. Qxh6 Rxc3) 21. Qxb6 $4 {[%mdl 8192]} (21. Rd4 $17) 21... Bh6+ $19 {Black is clearly winning.} 22. Kd1 {[#]} Rxc3 $1 {[%mdl 512]} 23. bxc3 Qxc2+ {[%mdl 64] Double Attack} 24. Ke1 Qxg2 {[%mdl 64] Double Attack} 25. Rd8+ Kg7 26. Rf1 Qg3+ 27. Rf2 Be3 {[%csl Ge3][%cal Rg3f2]} 28. Qb2 Bb5 29. c4 Bxc4 {( -> ...Qg1+)} 30. e6+ f6 {Accuracy: White = 11%, Black = 35%.} 0-1

[Event "68th HUN-ch Men 2018"]
[Site "Budapest"]
[Date "2018.12.03"]
[Round "1.1"]
[White "Horvath, Csaba"]
[Black "Gledura, Benjamin"]
[Result "1/2-1/2"]
[WhiteElo "2510"]
[BlackElo "2621"]
[Annotator "TA"]
[PlyCount "36"]
[EventDate "2018.??.??"]
[EventCountry "HUN"]
[SourceTitle "playchess.com"]
[Source "ChessBase"]
[SourceQuality "1"]

{[%evp 17,36,-18,-10,-28,0,-16,0,0,2,0,12,3,12,0,0,0,13,24,16,0,0]} 1. d4 Nf6 2. Nf3 g6 3. Nbd2 Bg7 4. e4 d6 5. c3 O-O 6. Bd3 c5 7. O-O cxd4 8. cxd4 Nc6 {B07: Pirc Defence: Miscellaneous Systems} (8... e5 9. Re1 exd4 10. Nxd4 Ng4 11. N4f3 Nc6 12. Nc4 Be6 13. h3 Nge5 14. Ncxe5 dxe5 15. a3 Qb6 16. b4 {½-½ (57) So,W (2778)-Grischuk,A (2766) Leuven 2018}) 9. d5 Nb4 {LiveBook: 4 Games} 10. Bc4 a5 {Black has an edge.} 11. Re1 Bg4 $146 ({Predecessor:} 11... Bd7 12. a3 Na6 13. h3 Nc5 14. e5 dxe5 15. Nxe5 Ba4 16. Qf3 {½-½ (41) Bryzgalin,K (2470)-Konguvel,P (2319) Plancoet 2013}) 12. a3 Na6 13. h3 Bxf3 14. Nxf3 Nc5 15. e5 dxe5 16. Nxe5 Nfe4 17. Bf4 Qb6 18. Re2 Rac8 1/2-1/2

[Event "68th HUN-ch Men 2018"]
[Site "Budapest"]
[Date "2018.12.04"]
[Round "1.2"]
[White "Almasi, Zoltan"]
[Black "Antal, Gergely"]
[Result "1-0"]
[WhiteElo "2689"]
[BlackElo "2553"]
[Annotator "TA"]
[PlyCount "67"]
[EventDate "2018.??.??"]
[EventCountry "HUN"]
[SourceTitle "playchess.com"]
[Source "ChessBase"]
[SourceQuality "1"]

{[%evp 23,67,-23,0,0,20,11,46,28,18,14,34,27,42,0,0,0,54,24,22,17,26,19,37,25,70,88,82,91,95,95,90,90,99,64,221,221,437,437,435,428,428,406,570,572,821,849]} 1. Nf3 d5 2. b3 Nf6 3. Bb2 Bf5 4. c4 e6 5. g3 c6 6. Bg2 Be7 7. O-O O-O 8. d3 h6 9. Nbd2 Nbd7 10. a3 a5 11. Ra2 Bh7 12. Qa1 {A12: English Opening: 1...c6 with b3 by White} Ne8 {LiveBook: 3 Games} (12... Re8 13. Rb1 Bd6 14. Ne5 Nxe5 15. Bxe5 Bxe5 16. Qxe5 Ng4 17. Qb2 e5 18. h3 Nf6 19. cxd5 cxd5 {½-½ (40) Moussard,J (2567)-Tregubov,P (2589) Bastia 2017}) 13. Rc1 Bf6 14. b4 {The position is equal.} Nc7 $146 ({Predecessor:} 14... Nd6 15. b5 cxb5 16. Bxf6 Nxf6 17. c5 {1-0 (17) Livshin,I-Romanovsky,P Kharkov (Ukraine) 1956}) 15. Nb3 (15. Bxf6 {feels hotter.} Nxf6 16. bxa5 Rxa5 17. Qb2 Qa8 18. Rb1) 15... axb4 16. axb4 dxc4 17. dxc4 Qe7 18. Bxf6 Nxf6 19. Nc5 b6 (19... Rxa2 $11 20. Qxa2 Ne4) 20. Nd3 Bxd3 21. exd3 Qxb4 22. Ne5 {[%cal Bf3e5,Be5c6,Bc6e7,Be7d5][%mdl 32]} Rxa2 23. Qxa2 Qc5 24. Qb2 $1 Rd8 25. Rd1 Qd4 26. Qe2 Qc3 27. Nxc6 Re8 28. d4 b5 $2 (28... Na6 $1 $14) 29. Qe5 $18 ({Inferior is} 29. cxb5 Qb3 $11) 29... Ncd5 $2 (29... Qb3 {keeps fighting.} 30. Ra1 Na8) 30. cxd5 exd5 31. Ne7+ {[%mdl 64] [#] Double Attack} Kh8 32. Qd6 Ng8 (32... Qc2 $142) 33. Nxd5 Re1+ 34. Bf1 {Accuracy: White = 69%, Black = 28%.} 1-0